01645nam a22003614a 4500001001200000003000800012006001900020007001500039008004100054010001700095020004300112040002100155035002100176043001200197050002400209082001700233100002300250245010500273260004600378300001700424490004200441504006400483505023600547533015200783650003800935650003000973650003701003655002901040710001701069830005201086856012601138999001901264ebr10430423CaPaEBRm u cr cn|||||||||100409s2010 txu sb 001 0 eng  z 2010012812 z9781593323899 (hardcover : alk. paper) aCaPaEBRcCaPaEBR a(OCoLC)732955757 an-us---14aHV8141b.M48 2010eb04a363.2/322221 aMiller, Michael E.10aPolice taser utilizationh[electronic resource] :bthe effect of policy change /cMichael E. Miller. aEl Paso :bLFB Scholarly Pub. LLC,c2010. axiii, 169 p.1 aCriminal justice : recent scholarship aIncludes bibliographical references (p. 151-165) and index.0 aTaser use by police : a continuing controversy -- A brief history of police use of force and summary of current research -- Examining taser use in one police agency -- Research study findings -- Conclusions and future implications. aElectronic reproduction.bPalo Alto, Calif. :cebrary,d2013.nAvailable via World Wide Web.nAccess may be limited to ebrary affiliated libraries. 0aPolicezUnited StatesxAttitudes. 0aStun gunszUnited States. 0aPolice brutalityzUnited States. 7aElectronic books.2local2 aebrary, Inc. 0aCriminal justice (LFB Scholarly Publishing LLC)40uhttp://site.ebrary.com/lib/rucke/Doc?id=10430423zAn electronic book accessible through the World Wide Web; click to view c144796d144796